| 000 | 00460nam a2200205Ia 4500 | ||
|---|---|---|---|
| 001 | 11948 | ||
| 003 | GE_BSU | ||
| 008 | 181216s||||||||xx |||||||||||||| ||und|| | ||
| 020 | _a9780340823767 | ||
| 040 | _cGE_BSU | ||
| 080 | _a821.111-312.4 | ||
| 100 | _aMay,Peter | ||
| 245 | _aChinese Whispers. | ||
| 260 | _aLondon | ||
| 260 | _bCoronet books hodder&stoughton | ||
| 260 | _c2004. | ||
| 300 | _a402p;18cm. | ||
| 653 | _aChinese Whispers. | ||
| 942 | _cBK | ||
| 999 |
_c45125 _d45125 |
||